| 000 | 01930nam0a2200349 i 4500 | ||
|---|---|---|---|
| 001 | RU\NLR\bibl\1923326 | ||
| 005 | 20260406004318.0 | ||
| 010 | _a9785396004290 | ||
| 021 |
_aRU _b2012-44880 _93299 |
||
| 035 | _a(NLR Aleph) 001912760 | ||
| 090 |
_a3198943 _c3198943 |
||
| 100 | _a20120711d2012 u y0rusy50 ca | ||
| 101 | 0 | _arus | |
| 102 | _aRU | ||
| 105 | _aa ||||||||| | ||
| 200 | 1 |
_aСпутниковый мониторинг Земли _eрадиолокационное зондирование поверхности _fА.И. Захаров, О.И. Яковлев, В.М. Смирнов |
|
| 210 |
_aМосква _cURSS _cКРАСАНД _d2012 |
||
| 215 |
_a245 с. _cил. _d22 |
||
| 300 | _aНа 4-й с. обл. авт.: А.И. Захаров - к.т.н., лауреат Гос. премии СССР, О.И. Яковлев - проф., лауреат двух Гос. премий СССР, В.М. Смирнов - д.ф.-м.н. | ||
| 320 | _aБиблиогр.: с. 233-245 (231 назв.) | ||
| 517 | 0 | _aРадиолокационное зондирование поверхности | |
| 606 |
_aЗемная поверхность _xИсследования _xРадиолокационные методы _91112735 _3RU\NLR\auth\66439750 |
||
| 686 | _aД820в733.8 | ||
| 700 | 1 |
_4070 _8rus _7ca _aЗахаров _bА. И. _cканд. техн. наук, радиофизика _gАлександр Иванович _3RU\NLR\auth\77113841 _996766 |
|
| 701 | 1 |
_4070 _8rus _7ca _aЯковлев _bО. И. _cд-р техн. наук _f1929- _gОлег Изосимович _3RU\NLR\auth\7776688 _959616 |
|
| 701 | 1 |
_4070 _8rus _7ca _aСмирнов _bВ. М. _cд-р физ.-мат. наук _gВладимир Михайлович _3RU\NLR\auth\7765707 _948636 |
|
| 801 | 0 |
_aRU _bNLR _c20120711 _gRCR |
|
| 801 | 1 |
_aRU _bNLR _c20120711 |
|
| 830 | _aавт. раскрыты в кн. | ||
| 942 | _cBOOK | ||
| 980 | _aNBR | ||